Представление документа в формате MARC21

Поле Инд. ПП Название Значение
Тип записи a
Библиографический уровень a
001 Контрольный номер RU/IS/BASE/155061283
005 Дата корректировки 20240205143738.0
008 Кодируемые данные 19981104
040 00 e Правила каталог. Т 981104
084 a Индекс другой классификации/Индекс ББК 63.51(5Гру)
090 00 a Полочн. индекс 63.3(0)3я43
x Авторский знак В 387
100 10 a Автор Джавахишвили И. А.
245 00 a Заглавие Основные историко-этнологические проблемы истории Грузии, Кавказа и Ближнего Востока древнейшей эпохи
650 04 a Основная рубрика историческая этнология (историческая этнография)
a Основная рубрика исторические науки
a Основная рубрика история
a Основная рубрика этнология (этнография)
653 00 a Ключевые слова анализ
a Ключевые слова Ближний Восток
a Ключевые слова гипотезы
a Ключевые слова Грузия
a Ключевые слова древний мир
a Ключевые слова имена
a Ключевые слова исторические источники
a Ключевые слова Кавказ
a Ключевые слова Колхида
a Ключевые слова надписи
a Ключевые слова народы
a Ключевые слова письменные источники
a Ключевые слова племенные наименования
a Ключевые слова происхождение
a Ключевые слова скифо-сарматские племена
a Ключевые слова теории
a Ключевые слова топонимика
a Ключевые слова эпиграфические памятники
a Ключевые слова этимология
a Ключевые слова этнические названия
773 00 d Дата издания источника Москва, 1939
g Прочая информация Т.3(8), 4(9). - С. 30-49
t Заглавие источника Вестник древней истории
w Контрольный № источника RU/IS/BASE/101818640
901 t Тип документа a